Evolution of mathematical concepts : an elementary study
Αποθηκεύτηκε σε:
| Κύριος συγγραφέας: | |
|---|---|
| Μορφή: | Βιβλίο |
| Γλώσσα: | English |
| Δημοσίευση: |
New York :
Wiley,
c1968.
|
| Θέματα: | |
| Ετικέτες: |
Προσθήκη ετικέτας
Δεν υπάρχουν, Καταχωρήστε ετικέτα πρώτοι!
|
MARC
| LEADER | 00000cam a2200000 i 4500 | ||
|---|---|---|---|
| 001 | 1/98239 | ||
| 008 | 081126s1968 nyu| ||| |||| ||eng|| | ||
| 035 | |l 10102020 | ||
| 040 | |a GR-MyUa |b gre |e AACR2 | ||
| 041 | 0 | |a eng | |
| 082 | 7 | |a 510.1 |2 (22) | |
| 100 | 1 | |a Wilder, Raymond Louis, |d 1896-1982. | |
| 245 | 1 | 0 | |a Evolution of mathematical concepts : |b an elementary study / |c Raymond L. Wilder. |
| 260 | |a New York : |b Wiley, |c c1968. | ||
| 300 | |a xviii, 224 σ. : |b εικ. ; |c 22 εκ. | ||
| 504 | |a Περιέχει βιβλιογραφία (σ. 212-217) και ευρετήριο. | ||
| 650 | 0 | |a Mathematics |x Philosophy. | |
| 650 | 0 | |a Mathematics |x History. | |
| 767 | 0 | 8 | |i Μεταφρασμένο ως: |t Εξέλιξη των μαθηματικών εννοιών / |
| 852 | |a INST |b SAMOS |c MAG |e 20081126 |h 510.1 WIL |p 005300029611 |q 005300029611 |t BK |y 0 | ||
| 901 | |a BIBL3-2008-3 | ||
| 970 | |a Σιτζίμη |b Γιασεμή |z 2008/11/26 | ||